<?xml version="1.0" encoding="UTF-8"?>
<record
    xmlns:xsi="http://www.w3.org/2001/XMLSchema-instance"
    xsi:schemaLocation="http://www.loc.gov/MARC21/slim http://www.loc.gov/standards/marcxml/schema/MARC21slim.xsd"
    xmlns="http://www.loc.gov/MARC21/slim">

  <leader>     nam a22     7a 4500</leader>
  <datafield tag="999" ind1=" " ind2=" ">
    <subfield code="c">122699</subfield>
    <subfield code="d">122699</subfield>
  </datafield>
  <controlfield tag="005">20191024092902.0</controlfield>
  <controlfield tag="008">191024b        it ||||| |||| 00| 0 ita d</controlfield>
  <datafield tag="050" ind1="0" ind2="4">
    <subfield code="a">PC1645.E8 </subfield>
    <subfield code="b">F75 1957</subfield>
  </datafield>
  <datafield tag="100" ind1="1" ind2=" ">
    <subfield code="a">Frisoni, Cayetano</subfield>
  </datafield>
  <datafield tag="240" ind1=" " ind2="0">
    <subfield code="a">Dizionario moderno Italiano-Spagnuolo e Spagnuolo-Italiano : compilato con speciale riguardo alle arti, alle scienze, alla navigazione ed al comm-</subfield>
  </datafield>
  <datafield tag="245" ind1=" " ind2="0">
    <subfield code="a">Diccionario moderno Italiano-Espa&#xF1;ol y Espa&#xF1;ol Italiano : compilado con especial relacion a las artes, a las ciencias a la navegaci&#xF3;n y al comercio. / </subfield>
  </datafield>
  <datafield tag="250" ind1=" " ind2=" ">
    <subfield code="a">2a ed. </subfield>
  </datafield>
  <datafield tag="260" ind1=" " ind2=" ">
    <subfield code="a">Milano :</subfield>
    <subfield code="b">Librero de la Real Casa,</subfield>
    <subfield code="c">1957</subfield>
  </datafield>
  <datafield tag="300" ind1=" " ind2=" ">
    <subfield code="a">2 v.  ;</subfield>
    <subfield code="c">17 cm.</subfield>
  </datafield>
  <datafield tag="490" ind1="0" ind2=" ">
    <subfield code="a">Ulrico-Hoepli</subfield>
  </datafield>
  <datafield tag="505" ind1="1" ind2=" ">
    <subfield code="t">v.1. Adem&#xE1;s de los americanismos y provincialismos, los neologismos aunque sean extranjeros ; que se refieren a toda reciente innovaci&#xF3;n</subfield>
  </datafield>
  <datafield tag="505" ind1="1" ind2=" ">
    <subfield code="t">v.2. Adem&#xE1;s de los americanismos y provincialismos, los neologismos aunque sean extranjeros ; que se refieren a toda reciente innovaci&#xF3;n, los modos fundamentales de los verbos irregulares y la indicaci&#xF3;n del acento t&#xF3;nico de cada palabra del texto.  </subfield>
  </datafield>
  <datafield tag="650" ind1=" " ind2="4">
    <subfield code="a">Italiano</subfield>
    <subfield code="x">Diccionario</subfield>
    <subfield code="x">Espa&#xF1;ol</subfield>
  </datafield>
  <datafield tag="942" ind1=" " ind2=" ">
    <subfield code="2">lcc</subfield>
    <subfield code="c">LIB</subfield>
  </datafield>
  <datafield tag="952" ind1=" " ind2=" ">
    <subfield code="1">0</subfield>
    <subfield code="2">lcc</subfield>
    <subfield code="4">0</subfield>
    <subfield code="7">0</subfield>
    <subfield code="a">LIC-020</subfield>
    <subfield code="b">LIC-020</subfield>
    <subfield code="c">CONSULTA</subfield>
    <subfield code="d">2016-12-08</subfield>
    <subfield code="e">UA-GENERICO</subfield>
    <subfield code="f">1a. ed.</subfield>
    <subfield code="i">H</subfield>
    <subfield code="k">EH</subfield>
    <subfield code="o">PC1645.E8 F75 1957</subfield>
    <subfield code="p">BFF000033164</subfield>
    <subfield code="r">2016-12-08 00:00:00</subfield>
    <subfield code="t">V:2 C:2</subfield>
    <subfield code="v">1.00</subfield>
    <subfield code="y">LIB</subfield>
  </datafield>
  <datafield tag="952" ind1=" " ind2=" ">
    <subfield code="1">0</subfield>
    <subfield code="2">lcc</subfield>
    <subfield code="4">0</subfield>
    <subfield code="7">0</subfield>
    <subfield code="a">LIC-020</subfield>
    <subfield code="b">LIC-020</subfield>
    <subfield code="c">CONSULTA</subfield>
    <subfield code="d">2016-12-08</subfield>
    <subfield code="e">UA-GENERICO</subfield>
    <subfield code="f">1a. ed.</subfield>
    <subfield code="i">H</subfield>
    <subfield code="k">EH</subfield>
    <subfield code="o">PC1645.E8 F75 1957</subfield>
    <subfield code="p">BFF000033166</subfield>
    <subfield code="r">2016-12-08 00:00:00</subfield>
    <subfield code="t">V:1 C:2</subfield>
    <subfield code="v">1.00</subfield>
    <subfield code="y">LIB</subfield>
  </datafield>
</record>
